000 01872cam a22004574i 4500
003 PE-LiUPU
005 20250731173100.0
008 150623s1983 miu rb 000 0 eng d
035 _a(Sirsi) a24522
040 _aPE-LiUPU
_bspa
_cPE-LiUPU
_erda
082 0 4 _a223.2077
_bL26
_221
100 1 _aLaRondelle, Hans K.,
_eautor.
245 1 0 _aDeliverance in the Psalms :
_bmessages of hope for today /
_cHans K. LaRondelle.
264 1 _aBerrier Springs, MI :
_bFirst Impressions,
_c1983.
300 _a212 páginas ;
_c23 centímetros
336 _atext
_2rdacontent
337 _aunmediated
_2rdamedia
338 _avolume
_2rdacarrier
504 _aIncluye bibliografía.
505 0 _aThe religious significance of the Psalms. -The origin and classification of the Psalms. -The poetic style and its meaning. -Theological structures of the Psalms.
526 _aSEG42
526 _aSEG41
526 _aSEG40
526 _aSEG39
526 _aP94
526 _aP87
526 _aP86
526 _aP85
526 _aP77
526 _aP76
526 _aP35
630 _aBiblia.
_pA.T.
_pSalmos
_xComentarios.
910 _ajck
_bncf
_cncf
_d20170502
942 _2ddc
_cBOOK
949 _a223.2077 L26
_wDEWEY
_c1
_i48848
_lCCODEBUL1
_mBUL
_p00.00
_r0
_sY
_tBOOK
_u2015-06-24
_xTEOLOGIA
_PP35
_0COMPRA
_o.STAFF. Colección General
596 _a1
999 _a223.2077 L26
_wDEWEY
_c28010
_i48848
_d28010
_e2017-4-23
_f2021-11-11
_g4
_lCCODEBUL1
_mBUL
_n1
_p10.00
_q1
_r0
_sY
_tBOOK
_u2015-6-24
_xTEOLOGIA
_PP35
_0COMPRA
_o.STAFF. Colección Teología
999 _a223.2077 L26
_wDEWEY
_c2
_i75381
_d2019-11-19
_e2019-11-17
_f2021-11-9
_g4
_lCCODEBUL1
_mBUL
_n1
_p10.00
_q2
_r0
_sY
_tBOOK
_u2017-5-2
_xTEOLOGIA
_PP85
_0DONACION
_o.STAFF. Colección Teologia
980 _81
_gALBERTO SANCHEZ Responsable de Automatización